Créer du sens en marketing (notice n° 1554406)
[ vue normale ]
| 000 -LEADER | |
|---|---|
| fixed length control field | 01680cam a2200277zu 4500 |
| 003 - CONTROL NUMBER IDENTIFIER | |
| control field | FRCYB10104004 |
| 005 - DATE AND TIME OF LATEST TRANSACTION | |
| control field | 20251020123500.0 |
| 008 - FIXED-LENGTH DATA ELEMENTS--GENERAL INFORMATION | |
| fixed length control field | 251020s2005 fr | o|||||0|0|||fre d |
| 020 ## - INTERNATIONAL STANDARD BOOK NUMBER | |
| International Standard Book Number | 9782847690354 |
| 035 ## - SYSTEM CONTROL NUMBER | |
| System control number | FRCYB10104004 |
| 040 ## - CATALOGING SOURCE | |
| Original cataloging agency | FR-PaCSA |
| Language of cataloging | fr |
| Transcribing agency | |
| Description conventions | rda |
| 100 1# - MAIN ENTRY--PERSONAL NAME | |
| Personal name | Dosquet, Frédéric |
| 245 01 - TITLE STATEMENT | |
| Title | Créer du sens en marketing |
| Statement of responsibility, etc. | ['Dosquet, Frédéric'] |
| 264 #1 - PRODUCTION, PUBLICATION, DISTRIBUTION, MANUFACTURE, AND COPYRIGHT NOTICE | |
| Name of producer, publisher, distributor, manufacturer | EMS Editions |
| Date of production, publication, distribution, manufacture, or copyright notice | 2005 |
| 300 ## - PHYSICAL DESCRIPTION | |
| Extent | p. |
| 336 ## - CONTENT TYPE | |
| Content type code | txt |
| Source | rdacontent |
| 337 ## - MEDIA TYPE | |
| Media type code | c |
| Source | rdamdedia |
| 338 ## - CARRIER TYPE | |
| Carrier type code | c |
| Source | rdacarrier |
| 520 ## - SUMMARY, ETC. | |
| Summary, etc. | Et si le marketing, ce n'était finalement que de la création de sens Au-delà des études, des concepts, des techniques, cet ouvrage revient sur les fondamentaux de cette discipline, passionnante mais complexe à la fois. Passionnante car elle permet de donner du sens et donc vie à des objets (produits, marques, individus), qui sans ce travail sémiologique, n'aurait probablement jamais perduré voire existé socialement ; mais aussi complexe car donner du sens à des objets nécessite l'application stricte de règles de sens. Ce livre s'adresse donc aux futurs et actuels gestionnaires de sens (les marketers, les publicitaires et les consultants) et à celles et à ceux qui l'enseignent. Le lecteur y trouvera l'exposition d'un outil pratique de gestion du sens (" Le Sablier Marketing "), mais aussi des conseils de lecture, des anecdotes et surtout plus d'une centaine d'exemples pratiques. |
| 650 #0 - SUBJECT ADDED ENTRY--TOPICAL TERM | |
| Topical term or geographic name entry element | |
| 700 0# - ADDED ENTRY--PERSONAL NAME | |
| Personal name | Dosquet, Frédéric |
| 856 40 - ELECTRONIC LOCATION AND ACCESS | |
| Access method | Cyberlibris |
| Uniform Resource Identifier | <a href="https://international.scholarvox.com/netsen/book/10104004">https://international.scholarvox.com/netsen/book/10104004</a> |
| Electronic format type | text/html |
| Host name | |
Pas d'exemplaire disponible.




Réseaux sociaux